<?xml version="1.0" encoding="UTF-8"?>
<record
    xmlns:xsi="http://www.w3.org/2001/XMLSchema-instance"
    xsi:schemaLocation="http://www.loc.gov/MARC21/slim http://www.loc.gov/standards/marcxml/schema/MARC21slim.xsd"
    xmlns="http://www.loc.gov/MARC21/slim">

  <leader>01979nam0a22003613i 4500</leader>
  <controlfield tag="001">IT\ICCU\PBE\0078437</controlfield>
  <controlfield tag="003">IT-MiSPE</controlfield>
  <controlfield tag="005">20250319164318.0</controlfield>
  <controlfield tag="008">250317b        |||||||| |||| 00| 0 eng d</controlfield>
  <datafield tag="010" ind1=" " ind2=" ">
    <subfield code="a">978-88-315-4722-2</subfield>
  </datafield>
  <datafield tag="020" ind1=" " ind2=" ">
    <subfield code="a">9788831547222</subfield>
    <subfield code="c">11,50 &#x20AC;</subfield>
  </datafield>
  <datafield tag="040" ind1=" " ind2=" ">
    <subfield code="a">IT-MiSPE</subfield>
    <subfield code="b">ita</subfield>
    <subfield code="c">IT-MiSPE</subfield>
    <subfield code="d">IT-MiSPE</subfield>
  </datafield>
  <datafield tag="082" ind1=" " ind2=" ">
    <subfield code="a">226.6-At* QUA ro (ppv 23371)</subfield>
  </datafield>
  <datafield tag="100" ind1=" " ind2=" ">
    <subfield code="a">Quaglia, Rocco,</subfield>
    <subfield code="c">psicologo, psicoterapeuta</subfield>
    <subfield code="d">1946-</subfield>
    <subfield code="e">autore</subfield>
    <subfield code="9">61814</subfield>
  </datafield>
  <datafield tag="245" ind1=" " ind2=" ">
    <subfield code="a">Il Dio sconosciuto :</subfield>
    <subfield code="b">L'attualit&#xE0; del messaggio di Paolo ai sapienti del mondo /</subfield>
    <subfield code="c">Rocco Quaglia ;</subfield>
  </datafield>
  <datafield tag="260" ind1=" " ind2=" ">
    <subfield code="a">Milano :</subfield>
    <subfield code="b">Paoline,</subfield>
    <subfield code="c">2016.</subfield>
  </datafield>
  <datafield tag="300" ind1=" " ind2=" ">
    <subfield code="a">131 p. ;</subfield>
    <subfield code="c">20 cm</subfield>
  </datafield>
  <datafield tag="490" ind1=" " ind2=" ">
    <subfield code="a">Al pozzo di Sic&#xE0;r</subfield>
    <subfield code="v">038</subfield>
  </datafield>
  <datafield tag="504" ind1=" " ind2=" ">
    <subfield code="a">Bibliografia (p. 131)</subfield>
  </datafield>
  <datafield tag="520" ind1=" " ind2=" ">
    <subfield code="a">Il volume propone il discorso dell'apostolo Paolo all'Aer&#xF2;pago, dove incontra filosofi del suo tempo. L'intento &#xE8; di far emergere l'attualit&#xE0; del suo messaggio, un messaggio che risponde alle eterne domande di uomini e donne di ogni tempo. D'altronde, il mondo odierno presenta le stesse caratteristiche del mondo di Paolo. In entrambi, infatti, l'essere umano appare soddisfatto delle proprie conquiste intellettuali e materiali, soprattutto sembra non riservare pi&#xF9; alcun posto a un Dio creatore. Il punto centrale del discorso di Paolo &#xE8; la risurrezione di Cristo, ed &#xE8; appunto questa a mettere in crisi sia i sapienti di Atene, sia i sapienti della moderna scienza. La buona notizia di Ges&#xF9; Cristo, oggi come ieri, &#xE8; tanto ignorata da apparire del tutto nuova. La difficolt&#xE0; maggiore essa la trova nell'apertura del cuore alla salvezza, nell'ascolto e nell'accettazione nella propria vita.</subfield>
  </datafield>
  <datafield tag="630" ind1=" " ind2=" ">
    <subfield code="a">Bibbia</subfield>
    <subfield code="v">N.T.</subfield>
    <subfield code="x">Atti degli Apostoli</subfield>
    <subfield code="9">61815</subfield>
  </datafield>
  <datafield tag="655" ind1=" " ind2=" ">
    <subfield code="a">Bibbia</subfield>
    <subfield code="v">N.T.</subfield>
    <subfield code="x">Paolo: studi e teologia</subfield>
    <subfield code="9">61816</subfield>
  </datafield>
  <datafield tag="700" ind1=" " ind2="1">
    <subfield code="a">Quaglia, Rocco,</subfield>
    <subfield code="d">1946-</subfield>
    <subfield code="e">autore</subfield>
    <subfield code="9">61817</subfield>
  </datafield>
  <datafield tag="899" ind1=" " ind2=" ">
    <subfield code="f">P/G</subfield>
  </datafield>
  <datafield tag="899" ind1=" " ind2=" ">
    <subfield code="f">P/G</subfield>
  </datafield>
  <datafield tag="899" ind1=" " ind2=" ">
    <subfield code="f">P/G</subfield>
  </datafield>
  <datafield tag="899" ind1=" " ind2=" ">
    <subfield code="f">P/G</subfield>
  </datafield>
  <datafield tag="899" ind1=" " ind2=" ">
    <subfield code="f">P/G</subfield>
  </datafield>
  <datafield tag="899" ind1=" " ind2=" ">
    <subfield code="f">P</subfield>
  </datafield>
  <datafield tag="899" ind1=" " ind2=" ">
    <subfield code="f">P</subfield>
  </datafield>
  <datafield tag="899" ind1=" " ind2=" ">
    <subfield code="f">P</subfield>
  </datafield>
  <datafield tag="942" ind1=" " ind2=" ">
    <subfield code="2">ddc</subfield>
    <subfield code="c">BK</subfield>
  </datafield>
  <datafield tag="999" ind1=" " ind2=" ">
    <subfield code="c">360428</subfield>
    <subfield code="d">360428</subfield>
  </datafield>
  <datafield tag="952" ind1=" " ind2=" ">
    <subfield code="0">0</subfield>
    <subfield code="1">0</subfield>
    <subfield code="2">ddc</subfield>
    <subfield code="4">0</subfield>
    <subfield code="6">226_000000000000000_6AT_QUA_RO_PPV_23371</subfield>
    <subfield code="7">1</subfield>
    <subfield code="a">CINISELLO</subfield>
    <subfield code="b">CINISELLO</subfield>
    <subfield code="d">2025-03-17</subfield>
    <subfield code="l">0</subfield>
    <subfield code="o">226.6-At* QUA ro (ppv 23371)</subfield>
    <subfield code="p">9788831547222</subfield>
    <subfield code="r">2025-03-17 09:13:48</subfield>
    <subfield code="w">2025-03-17</subfield>
    <subfield code="y">BK</subfield>
  </datafield>
</record>
